000 00543nam a22002057a 4500
003 OSt
005 20140310182812.0
008 130220t xxu||||| |||| 00| 0 eng d
020 _a9780071262507
050 _aQD 31
_b.Si582 2007
082 _aM 540.22
_bSi3 2007
245 _aPrinciples of general chemistry
_cMartin S. Silberberg,
260 _aNew York
_b McGraw-Hill Higher Education
_c2007
300 _axxvi, var. 792 p.
_c26 cm.
526 _c1210L-1700L
562 _e2
942 _2lcc
_cBK
999 _c16185
_d16185